Principles of Horticulture (Record no. 17339)

MARC details
000 -LEADER
fixed length control field 00411nam a22001577a 4500
003 - CONTROL NUMBER IDENTIFIER
control field OSt
005 - DATE AND TIME OF LATEST TRANSACTION
control field 20211109155448.0
008 - FIXED-LENGTH DATA ELEMENTS--GENERAL INFORMATION
fixed length control field 211109b |||||||| |||| 00| 0 eng d
040 ## - CATALOGING SOURCE
Transcribing agency Hawassa University
050 ## - LIBRARY OF CONGRESS CALL NUMBER
Classification number 635/DEN
Item number 2
082 ## - DEWEY DECIMAL CLASSIFICATION NUMBER
Classification number 635/DEN
Item number 2
100 ## - MAIN ENTRY--PERSONAL NAME
Personal name Denisen Ervin L.
9 (RLIN) 17555
245 ## - TITLE STATEMENT
Title Principles of Horticulture
260 ## - PUBLICATION, DISTRIBUTION, ETC.
Place of publication, distribution, etc. New York
Name of publisher, distributor, etc. Macmillan Publisher
Date of publication, distribution, etc. 1958
942 ## - ADDED ENTRY ELEMENTS (KOHA)
Source of classification or shelving scheme Dewey Decimal Classification
Koha item type Books like text book referance book
Suppress in OPAC No
Holdings
Withdrawn status Lost status Source of classification or shelving scheme Damaged status Not for loan Home library Current library Date acquired Total Checkouts Full call number Barcode Date last seen Copy number Price effective from Koha item type
    Dewey Decimal Classification     College of Agriculture Library College of Agriculture Library 11/09/2021   635/DEN ALIB0012134 11/09/2021 1 11/09/2021 Books like text book referance book
    Dewey Decimal Classification     College of Agriculture Library College of Agriculture Library 11/09/2021   635/DEN ALIB0012135 11/09/2021 2 11/09/2021 Books like text book referance book